000 01040cam a2200301 a 4500
001 016136130
003 EG-ScBUE
005 20220912110709.0
008 120724r20132012enkc f b 000 0 eng d
020 _a9781780670225
040 _aStDuBDS
_beng
_erda
_cStDuBDS
_dEG-ScBUE
082 0 4 _a709.22
_bBRE
_222
100 1 _aBrereton, Richard,
_eauthor.
_937934
245 1 0 _aSketchbooks :
_bthe hidden art of designers, illustrators & creatives /
_cRichard Brereton.
246 3 _aSketchbooks :
_bthe hidden art of designers, illustrators and creatives
250 _aReprinted edition.
264 1 _aLondon :
_bLaurence King Publishing Ltd,
_c2013.
300 _a239 pages :
_bportraits ;
_c26 cm
336 _2rdacontent
_atext
_btxt
337 _2rdamedia
_aunmediated
_bn
338 _2rdacarrier
_avolume
_bnc
504 _aIncludes bibliographical references.
650 7 _aArtists’ preparatory studies.
_2BUEsh
_937935
651 _2BUEsh
653 _bART
_cMay2015
655 _vReading book
_934232
942 _2ddc
_k709.22 BRE
_cBB
999 _c19295
_d19267